March Madness Elite 8 Teams 2026 - Statistics

General Stats
  • This quiz has been taken 26 times
  • The average score is 7 of 8
Answer Stats
Seed Team % Correct
1 Duke
100%
1 Michigan
100%
1 Arizona
96%
2 UConn
96%
3 Illinois
92%
9 Iowa
92%
2 Purdue
79%
6 Tennessee
79%
No matching quizzes found
Score Distribution
Percent of People with Each Score
Percentile by Number Answered
Your Score History
You have not taken this quiz